000 00396nam a2200133Ia 4500
008 220217s9999||||xx |||||||||||||| ||und||
020 _a0-07-048687-5
082 _a005.13 BEN
100 _aBenjamin, Danial
_92793
245 0 _aOCP oracle9i database: new features for administrators exam
260 _aTata mcgraw hill
_bNew Delhi
_c2002
300 _b325
650 _aPROGRAMMING LANGUAGE
999 _c172360
_d172360